[Event "POL-ch U17 Qual"]
[Site "Jastrzebia Gora"]
[Date "2021.11.19"]
[Round "7"]
[White "Jedrzejczak, Michal"]
[Black "Kopestynski, Michal"]
[Result "1-0"]
[WhiteElo "1448"]
[BlackElo "1604"]
[PlyCount "85"]
[EventDate "2021.11.15"]
[EventType "swiss"]
[EventRounds "9"]
[EventCountry "POL"]
[SourceTitle "EXT 2023"]
[Source "ChessBase"]
[SourceDate "2022.10.05"]
[SourceVersion "1"]
[SourceVersionDate "2022.10.05"]
[SourceQuality "1"]

1. e4 c5 2. Nc3 Nc6 3. g3 g6 4. d3 Bg7 5. Bg2 e5 6. Nge2 Nge7 7. Be3 d6 8. 0-0 0-0 9. Qd2 Be6 10. Nd5 Nd4 11. Nxe7+ Qxe7 12. c3 Nxe2+ 13. Qxe2 f5 14. exf5 gxf5 15. f4 Rae8 16. Qf3 b6 17. Rfe1 Qf7 18. Bd2 c4 19. dxc4 e4 20. Qf2 Bxc4 21. Be3 Rd8 22. Bd4 d5 23. Red1 Qc7 24. Bf1 Bxd4 25. Rxd4 Rfe8 26. Bxc4 dxc4 27. Re1 Qc5 28. Rxd8 Qxf2+ 29. Kxf2 Rxd8 30. g4 Rd2+ 31. Re2 Rxe2+ 32. Kxe2 Kf7 33. b3 cxb3 34. axb3 a5 35. c4 Kf6 36. gxf5 Kxf5 37. Ke3 h6 38. h3 h5 39. h4 Kg4 40. Kxe4 Kxh4 41. f5 Kg5 42. Ke5 h4 43. f6 1-0

[Event "Lodz Jan Krzysztof Duda Cup"]
[Site "Lodz"]
[Date "2021.11.13"]
[Round "3"]
[White "Fus, Jakub"]
[Black "Jedrzejczak, Michal"]
[Result "1-0"]
[WhiteElo "2374"]
[BlackElo "1448"]
[PlyCount "75"]
[EventDate "2021.11.13"]
[EventType "swiss (rapid)"]
[EventRounds "9"]
[EventCountry "POL"]
[SourceTitle "CBM 205 Extra"]
[Source "ChessBase"]
[SourceDate "2022.01.31"]
[SourceVersion "1"]
[SourceVersionDate "2022.01.31"]
[SourceQuality "1"]

1. e4 e5 2. Nf3 Nc6 3. Bb5 a6 4. Ba4 Nf6 5. 0-0 Be7 6. d3 b5 7. Bb3 d6 8. a3 0-0 9. Nc3 Bg4 10. Be3 Na5 11. Ba2 c5 12. h3 Bh5 13. Nd5 Rc8 14. Nxe7+ Qxe7 15. Qe1 Nc6 16. Nh4 Nd4 17. Bxd4 cxd4 18. Bb3 Nd7 19. Nf5 Qf6 20. f4 Nc5 21. fxe5 Qxe5 22. Qh4 Nxb3 23. cxb3 Be2 24. Ne7+ Kh8 25. Rf5 Qe6 26. Nxc8 Rxc8 27. Qf2 Bxd3 28. Re1 Kg8 29. Qxd4 Bc2 30. Rd5 Bxb3 31. Rxd6 Qe7 32. Rxa6 Rd8 33. Qb4 Qxb4 34. axb4 g6 35. Rb6 Re8 36. Rxb5 f5 37. e5 Bc4 38. Rb7 1-0